|
|
|
|
| LEADER |
00000nam0a2200000 4500 |
| 001 |
359962 |
| 005 |
20231102011233.0 |
| 035 |
|
|
|a (RuTPU)RU\TPU\retro\17269
|
| 090 |
|
|
|a 359962
|
| 100 |
|
|
|a 20210210d1915 m y0rusy50 ca
|
| 101 |
0 |
|
|a rus
|
| 102 |
|
|
|a RU
|
| 105 |
|
|
|a y z 000zy
|
| 200 |
1 |
|
|a Проект развития Императорского Московского Технического Училища в школу политехнического типа
|
| 210 |
|
|
|a Москва
|c Типография М. Александровой
|d 1915
|
| 215 |
|
|
|a 81, [1] с.
|c табл.
|
| 300 |
|
|
|a Текст в русской дореформенной орфографии
|
| 316 |
|
|
|5 63413507: ШкА/4176
|a На титульном листе дарственная надпись: "В библиотеку ТТИ. Карташев. 1916"
|
| 320 |
|
|
|a Библиогр. в примеч.
|
| 606 |
1 |
|
|a Высшие технические учебные заведения
|2 stltpush
|3 (RuTPU)RU\TPU\subj\3996
|9 32316
|
| 610 |
1 |
|
|a Коллекция История ТПУ
|
| 610 |
1 |
|
|a дарственные надписи
|
| 610 |
1 |
|
|a исторический обзор
|
| 610 |
1 |
|
|a русская школа
|
| 610 |
1 |
|
|a немецкий опыт
|
| 610 |
1 |
|
|a Центральный район
|
| 610 |
1 |
|
|a промышленность
|
| 610 |
1 |
|
|a соотношения
|
| 610 |
1 |
|
|a потребности
|
| 610 |
1 |
|
|a возможности
|
| 610 |
1 |
|
|a условия
|
| 610 |
1 |
|
|a задачи
|
| 610 |
1 |
|
|a учебные планы
|
| 610 |
1 |
|
|a кафедры
|
| 610 |
1 |
|
|a доклады
|
| 686 |
|
|
|a Ч484(2)72
|v LBC/SL-A
|2 rubbk
|
| 801 |
|
1 |
|a RU
|b 63413507
|c 20210210
|
| 942 |
|
|
|c BK
|